| 000 | 00436nam a2200157Ia 4500 | ||
|---|---|---|---|
| 008 | 190328s9999||||xx |||||||||||||| ||und|| | ||
| 020 | _a8170124379 | ||
| 082 |
_a340 _bSRI/C |
||
| 100 | _aSrivastava, Kirpa, dayal | ||
| 245 | 0 | _aCommentaries on Employees' State Insurance Act, 1948: Act no. 34 of 1948 | |
| 250 | _a4th Edition | ||
| 260 |
_aLucknow _bEastern Book Co. _c1991 |
||
| 300 | _a1011 | ||
| 650 | _aInsurance Law | ||
| 942 | _cBK | ||
| 999 |
_c5893 _d5893 |
||